000 01047nam a2200289 a 4500
003 BLK
005 20250722113829.0
007 ta
008 221104b bu |||||r|||| 00| | bu d
020 _a9786192432997
040 _aBLK
041 _aBUL
_cBUL
080 _9240643
_aФренска литература
_b821.133.1
_x-93
_z821.133.1-93
084 _aМ 69
100 _9495988
_aМислен, Силви
245 _aКоледа в голямото дърво
_cСилви Мислен, Фабиен Йокто Ламбер; прев. от фр. Виолета Петрова
260 _9209461
_aСофия
_bПрозорец
_c2024
300 _a15 с.
_c32 см
380 _aDX
500 _aОриг. загл. "Noël dans le grand arbre"
700 _9485672
_aЛамбер, Фабиен Йокто
700 1 _9109982
_aПетрова, Виолета
852 _bД
_c821-93/М 69 С
856 _i0.00
_ldisable
942 _cKNG
_n0
_011
944 _a30570
_cМоника Янева
_k30564
_lАнна Гръцманова
999 _c521356
_d521356